Single Sign-On: konečně komfort pro uživatele!

Single Sign-On ako liek na všetky komplikácie s niekoľkonásobným prihlasovaním so systému, kde sa potom užívateľ prihlasuje iba jeden krát a to hlavne pri prvom vstupe do systému. Ostatné spúšťané aplikácie si už vie toto prvé prihlásenie automaticky prevziať a overiť. Riešenia pre SSO sú vhodné i v...

ver descrição completa

Na minha lista:
Detalhes bibliográficos
Autor principal: Novotný, Pavel
Outros Autores: Pospíšil, Daniel
Formato: Capítulo de Livro
Idioma:tcheco
Assuntos:
Tags: Adicionar Tag
Sem tags, seja o primeiro a adicionar uma tag!

MARC

LEADER 00000naa$a2200000$$$4500
001 0059126
005 20231010094647.0
041 0 |a cze 
044 |a CZ 
245 1 0 |a Single Sign-On: konečně komfort pro uživatele!  |c Pavel Novotný, Daniel Pospíšil 
520 |a Single Sign-On ako liek na všetky komplikácie s niekoľkonásobným prihlasovaním so systému, kde sa potom užívateľ prihlasuje iba jeden krát a to hlavne pri prvom vstupe do systému. Ostatné spúšťané aplikácie si už vie toto prvé prihlásenie automaticky prevziať a overiť. Riešenia pre SSO sú vhodné i v nasadení v bankách. Hlavné výhody a nevýhody. 
610 2 0 |a systémy informačné podnikové 
610 2 0 |a servery 
610 2 0 |a bezpečnosť 
610 2 0 |a banky 
100 1 |a Novotný, Pavel 
700 1 |a Pospíšil, Daniel